000 00541nam a2200217Ia 4500
005 20251118131525.0
008 230125s9999 xx 000 0 und d
020 _a81-7446-066-7
041 _aeng
082 _a158.1
_bYAT
100 _aFontana D
_9215004
245 _aManaging stress
260 _c1989
_bExcel Books
_aNew Delhi
300 _a118p
500 _astress management
500 _aPersonality Development,
650 _aPersonality Development
_9213420
700 _aFontana D
_9215004
906 _b10
942 _cBK
999 _c88200
_d88200